Návrh zákona NR SR o posudzovaní vplyvov na životné prostredie

Demokraticky chápaný proces posudzovania vplyvov činností na životné prostredie (EIA - Environmental Impact Assesment) so širokým zapojením verejnosti. Subjekty EIA. Predmet a etapy procesu EIA. Proces posudzovania vplyvov činností na životné prostredie podľa návrhu zákona EIA.

Guardado en:
Detalles Bibliográficos
Autor principal: Úradníček, Štefan
Formato: Capítulo de libro
Lenguaje:eslovaco
Materias:
Etiquetas: Agregar Etiqueta
Sin Etiquetas, Sea el primero en etiquetar este registro!

MARC

LEADER 00000naa a2200000 4500
001 r024219
005 20221205091536.6
041 0 |a slo 
044 |a SK 
245 1 0 |a Návrh zákona NR SR o posudzovaní vplyvov na životné prostredie  |c Š. Úradníček 
520 |a Demokraticky chápaný proces posudzovania vplyvov činností na životné prostredie (EIA - Environmental Impact Assesment) so širokým zapojením verejnosti. Subjekty EIA. Predmet a etapy procesu EIA. Proces posudzovania vplyvov činností na životné prostredie podľa návrhu zákona EIA. 
610 2 0 |a prostredie životné 
610 2 0 |a Slovensko 
610 2 0 |a EIA 
610 2 0 |a MŽP SR Bratislava 
610 2 0 |a NR SR Bratislava 
610 2 0 |a zákony 
100 1 |a Úradníček, Štefan